Statistieken voor Grenada Trivia Quiz

Klik hier om de quiz te nemen!

Algemene statistieken

  • Deze quiz is 166 keer genomen
  • De gemiddelde score is 12 van 16

Antwoordstatistieken

HintAntwoord% Correct
Officiële taalEngels
100%
Land waarin je de stad Granada kan vinden, waarnaar het land is vernoemdSpanje
96%
Zee die aan Grenada grenstCaribische Zee
95%
Land waaruit Grenada in 1974 onafhankelijk werdVerenigd Koninkrijk
94%
Archipel waar Grenada deel van uitmaaktKleine {Antillen}
93%
Het land op het vasteland het dichtst bij GrenadaVenezuela
91%
Land dat in 1983 is binnengevallenVerenigde Staten
89%
Meest populaire sportCricket
85%
HoofdstadSaint George's
80%
Feestdag gevierd op 25 oktober om de invasie en het herstel van de democratie te herdenken, die niets te maken heeft met de Amerikaanse feestdag met dezelfde naamThanksgiving
77%
Vakantieperiode die Grenada viert in augustus, in tegenstelling tot andere landen die deze vóór de vastentijd vierenCarnaval
67%
Grenada is verdeeld in 6 van deze administratieve delenParishes
59%
Grenada levert 40% van het wereldaanbod van deze specerijNootmuskaat
49%
Ernstig bedreigde nationale vogelGrenada{duif}
45%
Communistische partij die de macht greep in een bloedeloze staatsgreep in 1979New {Jewel} Movement
44%
Een andere naam voor het bovenstaande{Spice}mas
39%

Scoreverdeling

Percentiel versus Aantal Correcte Antwoorden

Procent van Mensen met Elke Score

Uw Scoregeschiedenis

U heeft deze quiz nog niet genomen